[Event "Robecchetto op-C 25th"]
[Site "Robecchetto"]
[Date "2014.12.29"]
[Round "5"]
[White "Loaldi, Davide"]
[Black "Vignati, Andrea"]
[Result "1/2-1/2"]
[WhiteElo "1590"]
[BlackElo "1490"]
[PlyCount "71"]
[EventDate "2014.12.26"]
[EventType "swiss"]
[EventRounds "6"]
[EventCountry "ITA"]
[SourceTitle "EXT 2024"]
[Source "ChessBase"]
[SourceDate "2023.10.10"]
[SourceVersion "1"]
[SourceVersionDate "2023.10.10"]
[SourceQuality "1"]

1. d4 d5 2. Nf3 Nf6 3. e3 Bg4 4. c4 e6 5. Qb3 b6 6. Ne5 Bd6 7. Nc3 Bf5 8. cxd5 Nxd5 9. Bb5+ Kf8 10. Nxd5 exd5 11. Bd2 Bxe5 12. dxe5 c6 13. Be2 Nd7 14. Qb4+ Qe7 15. Qxe7+ Kxe7 16. Bc3 Ke6 17. f4 Be4 18. 0-0 f6 19. exf6 Nxf6 20. Rac1 c5 21. g4 Kf7 22. g5 Nd7 23. f5 Rhg8 24. Bf3 h6 25. Bxe4 dxe4 26. g6+ Ke7 27. Rf4 Nf6 28. Bxf6+ Kxf6 29. b4 Rac8 30. bxc5 bxc5 31. Rc4 Rge8 32. h4 h5 33. Ra4 Rc7 34. Ra6+ Ke5 35. Ra5 Kf6 36. Ra6+ 1/2-1/2

[Event "Gallarate Ricciardi op 18th"]
[Site "Gallarate"]
[Date "2014.06.03"]
[Round "4"]
[White "Loaldi, Davide"]
[Black "Garcia Rubi, Juan"]
[Result "1-0"]
[WhiteElo "1581"]
[BlackElo "1413"]
[PlyCount "71"]
[EventDate "2014.05.13"]
[EventType "swiss"]
[EventRounds "6"]
[EventCountry "ITA"]
[SourceTitle "EXT 2024"]
[Source "ChessBase"]
[SourceDate "2023.10.10"]
[SourceVersion "1"]
[SourceVersionDate "2023.10.10"]
[SourceQuality "1"]

1. e4 c5 2. Nf3 d6 3. Nc3 g6 4. d4 cxd4 5. Nxd4 Bg7 6. Be3 e6 7. Ndb5 Bxc3+ 8. Nxc3 a6 9. a4 Bd7 10. Qxd6 Qe7 11. Qxe7+ Nxe7 12. Bd4 0-0 13. Rd1 Nbc6 14. Bc5 Rfd8 15. Bc4 Be8 16. 0-0 Rac8 17. Bb3 Rc7 18. Rxd8 Nxd8 19. Bd6 Rd7 20. e5 Nf5 21. Ne4 Nxd6 22. Nf6+ Kg7 23. Nxd7 Bxd7 24. exd6 b6 25. c3 Nb7 26. Bc2 Nc5 27. b3 a5 28. Rd1 e5 29. Re1 Be6 30. b4 axb4 31. cxb4 Nd7 32. a5 bxa5 33. bxa5 Bd5 34. Ba4 Nf8 35. d7 Ne6 36. Rd1 1-0

[Event "Gallarate Ricciardi op 18th"]
[Site "Gallarate"]
[Date "2014.05.13"]
[Round "1"]
[White "Loaldi, Davide"]
[Black "Brioschi, Camillo"]
[Result "0-1"]
[WhiteElo "1581"]
[BlackElo "1820"]
[PlyCount "38"]
[EventDate "2014.05.13"]
[EventType "swiss"]
[EventRounds "6"]
[EventCountry "ITA"]
[SourceTitle "EXT 2024"]
[Source "ChessBase"]
[SourceDate "2023.10.10"]
[SourceVersion "1"]
[SourceVersionDate "2023.10.10"]
[SourceQuality "1"]

1. e4 e5 2. Nf3 Nc6 3. Bb5 a6 4. Ba4 Nf6 5. 0-0 Nxe4 6. Re1 Nc5 7. Nxe5 Nxe5 8. Rxe5+ Be7 9. Bb3 Nxb3 10. axb3 d6 11. Re1 0-0 12. Nc3 d5 13. Nxd5 Bd6 14. Qf3 Be6 15. Nc3 Re8 16. Ne2 c6 17. c4 Bb4 18. Nc3 Qd7 19. d4 Bg4 0-1

[Event "Robecchetto op-C 24th"]
[Site "Robecchetto"]
[Date "2013.12.27"]
[Round "1"]
[White "Negro, Andrea"]
[Black "Loaldi, Davide"]
[Result "0-1"]
[WhiteElo "1338"]
[BlackElo "1551"]
[PlyCount "38"]
[EventDate "2013.12.27"]
[EventType "swiss"]
[EventRounds "6"]
[EventCountry "ITA"]
[SourceTitle "EXT 2023"]
[Source "ChessBase"]
[SourceDate "2022.10.05"]
[SourceVersion "1"]
[SourceVersionDate "2022.10.05"]
[SourceQuality "1"]

1. e4 c5 2. Nf3 d6 3. d4 cxd4 4. Nxd4 Nf6 5. Nc3 a6 6. Be3 b5 7. f3 Bb7 8. Qd2 e6 9. h4 h5 10. Rd1 Be7 11. Nb3 Qc7 12. Be2 Nbd7 13. g4 hxg4 14. fxg4 Nxe4 15. Nxe4 Bxe4 16. Rh3 Rxh4 17. Rg3 d5 18. Rg1 Rh2 19. Bf4 Bh4+ 0-1

[Event "Robecchetto Autumn op 8th"]
[Site "Robecchetto"]
[Date "2011.10.27"]
[Round "2"]
[White "Grazia, Stefano"]
[Black "Loaldi, Davide"]
[Result "1/2-1/2"]
[WhiteElo "1500"]
[BlackElo "1603"]
[PlyCount "96"]
[EventDate "2011.10.20"]
[EventType "swiss"]
[EventRounds "7"]
[EventCountry "ITA"]
[SourceTitle "EXT 2024"]
[Source "ChessBase"]
[SourceDate "2023.10.10"]
[SourceVersion "1"]
[SourceVersionDate "2023.10.10"]
[SourceQuality "1"]

1. e4 c5 2. Nf3 Nc6 3. e5 g6 4. c3 Bg7 5. d4 cxd4 6. cxd4 a6 7. a4 d6 8. exd6 Qxd6 9. d5 Nb4 10. Bc4 Nf6 11. Nc3 0-0 12. 0-0 Rd8 13. Bg5 Bf5 14. Re1 Nc2 15. Nd4 Nxd4 16. Qxd4 Ng4 17. Qf4 Qxf4 18. Bxf4 Kf8 19. h3 Nf6 20. Re2 Nd7 21. Rae1 Re8 22. Bg5 f6 23. Bf4 Nc5 24. d6 e6 25. g4 Bd3 26. Bxd3 Nxd3 27. d7 Red8 28. Bd6+ Kf7 29. Rd1 Ne5 30. Bc7 Rxd7 31. Rxd7+ Nxd7 32. Ne4 Bf8 33. Bd6 Rc8 34. Bxf8 Kxf8 35. Nd6 Rc1+ 36. Kg2 Ke7 37. Nxb7 Ne5 38. Na5 Nd3 39. Kg3 e5 40. Rd2 Nc5 41. f3 Nxa4 42. b3 Nb6 43. Rd3 Rc5 44. b4 Rd5 45. Rc3 Kd7 46. Nb7 Ke7 47. Rc7+ Rd7 48. Rxd7+ Nxd7 1/2-1/2

[Event "Robecchetto Autumn op 8th"]
[Site "Robecchetto"]
[Date "2011.10.20"]
[Round "1"]
[White "Loaldi, Davide"]
[Black "Testa, Loris"]
[Result "0-1"]
[WhiteElo "1603"]
[BlackElo "1845"]
[PlyCount "78"]
[EventDate "2011.10.20"]
[EventType "swiss"]
[EventRounds "7"]
[EventCountry "ITA"]
[SourceTitle "EXT 2024"]
[Source "ChessBase"]
[SourceDate "2023.10.10"]
[SourceVersion "1"]
[SourceVersionDate "2023.10.10"]
[SourceQuality "1"]

1. d4 Nf6 2. Nf3 g6 3. e3 Bg7 4. Bd3 d6 5. 0-0 0-0 6. b3 c5 7. Bb2 Nc6 8. h3 a6 9. c3 b5 10. Nbd2 Qb6 11. e4 Nh5 12. dxc5 dxc5 13. Re1 Be6 14. Rb1 Rad8 15. Qc2 Nf4 16. Be2 Rd7 17. Rbd1 Rfd8 18. Ng5 Ne5 19. Nxe6 Qxe6 20. Nf3 Nxe2+ 21. Qxe2 Nxf3+ 22. Qxf3 Rxd1 23. Rxd1 Rxd1+ 24. Qxd1 Qxe4 25. Qd8+ Bf8 26. Qd1 e6 27. Qc1 c4 28. bxc4 Qxc4 29. a3 Bc5 30. Qd2 Qd5 31. Qe1 Bd6 32. Kf1 Qd3+ 33. Kg1 Bc5 34. Kh2 Qc2 35. Ba1 Qxf2 36. Qe5 Qg1+ 37. Kg3 Bf2+ 38. Kf3 Bh4 39. c4 Qf2+ 0-1

[Event "Robecchetto Spring op 8th"]
[Site "Robecchetto"]
[Date "2011.04.28"]
[Round "4"]
[White "Madaschi, Sergio"]
[Black "Loaldi, Davide"]
[Result "1-0"]
[WhiteElo "1620"]
[BlackElo "1619"]
[PlyCount "53"]
[EventDate "2011.04.07"]
[EventType "swiss"]
[EventRounds "7"]
[EventCountry "ITA"]
[SourceTitle "EXT 2024"]
[Source "ChessBase"]
[SourceDate "2023.10.10"]
[SourceVersion "1"]
[SourceVersionDate "2023.10.10"]
[SourceQuality "1"]

1. d4 d5 2. Nf3 Nf6 3. Nbd2 e6 4. e3 Bd6 5. Bd3 0-0 6. 0-0 Nbd7 7. c3 c5 8. Qe2 cxd4 9. cxd4 b6 10. e4 dxe4 11. Nxe4 Nxe4 12. Qxe4 Nf6 13. Qxa8 Qc7 14. Be4 Nxe4 15. Qxe4 Bb7 16. Qe2 Bxf3 17. Qxf3 Bxh2+ 18. Kh1 Bd6 19. Be3 Qc2 20. b3 Qg6 21. Bf4 Bxf4 22. Qxf4 Rd8 23. Rac1 Qd3 24. Rfd1 Qe2 25. Rd2 Qh5+ 26. Kg1 Qd5 27. Rdc2 1-0

[Event "Robecchetto op 21th Autumn"]
[Site "Robecchetto"]
[Date "2010.10.21"]
[Round "3"]
[White "Macchiettini, Pierangelo"]
[Black "Loaldi, Davide"]
[Result "1-0"]
[WhiteElo "1700"]
[BlackElo "1623"]
[PlyCount "87"]
[EventDate "2010.10.07"]
[EventType "swiss"]
[EventRounds "7"]
[EventCountry "ITA"]
[SourceTitle "EXT 2024"]
[Source "ChessBase"]
[SourceDate "2023.10.10"]
[SourceVersion "1"]
[SourceVersionDate "2023.10.10"]
[SourceQuality "1"]

1. d4 d5 2. Nf3 Nf6 3. c4 e6 4. a3 Be7 5. e3 0-0 6. Nc3 c5 7. cxd5 Nxd5 8. Bd2 Nc6 9. dxc5 Bxc5 10. Be2 a6 11. Rc1 Be7 12. 0-0 Bf6 13. Qc2 g6 14. Rfd1 Qe7 15. Nxd5 exd5 16. Bc3 Bf5 17. Bd3 Be4 18. Bxf6 Qxf6 19. Bxe4 dxe4 20. Nd4 Nxd4 21. Rxd4 Rac8 22. Qd2 Rxc1+ 23. Qxc1 Re8 24. h3 Qe5 25. Qc4 Kg7 26. b4 Re6 27. Qd5 Qxd5 28. Rxd5 Re7 29. b5 axb5 30. Rxb5 f5 31. a4 Kf6 32. Kf1 Rd7 33. Ke2 Ke7 34. Rb4 Kd8 35. f3 Re7 36. fxe4 fxe4 37. Kf2 Kc7 38. Kg3 Kc6 39. Kf4 Kd5 40. Rd4+ Kc5 41. Rxe4 Rxe4+ 42. Kxe4 Kb4 43. Kd5 Kxa4 44. e4 1-0

[Event "Robecchetto op-B 19th"]
[Site "Robecchetto"]
[Date "2008.12.30"]
[Round "6"]
[White "Loaldi, Davide"]
[Black "Vuckovic, Dimitrije"]
[Result "1-0"]
[WhiteElo "1434"]
[BlackElo "1512"]
[PlyCount "57"]
[EventDate "2008.12.27"]
[EventType "swiss"]
[EventRounds "6"]
[EventCountry "ITA"]
[SourceTitle "EXT 2011"]
[Source "ChessBase"]
[SourceDate "2010.11.26"]
[SourceVersion "1"]
[SourceVersionDate "2010.11.26"]
[SourceQuality "1"]

1. e4 c5 2. Nf3 d6 3. d4 cxd4 4. Nxd4 Nf6 5. Nc3 g6 6. Be3 Bg7 7. Bd3 Nc6 8. Nxc6 bxc6 9. f3 0-0 10. Qd2 h5 11. Bh6 Qb6 12. Bxg7 Kxg7 13. Rb1 Bd7 14. g4 hxg4 15. fxg4 Nxg4 16. a4 Rh8 17. b4 Nf2 18. Rf1 Nxd3+ 19. Qxd3 Rxh2 20. Qg3 Rah8 21. Qf4 Be6 22. Ne2 f5 23. Nd4 Bc4 24. Rg1 Rh1 25. Kd2 e5 26. Nxf5+ Kg8 27. Rxg6+ Kf8 28. Rf6+ Ke8 29. Nxd6+ 1-0

[Event "Robecchetto op-B 19th"]
[Site "Robecchetto"]
[Date "2008.12.29"]
[Round "4"]
[White "Loaldi, Davide"]
[Black "Folcini, Gaddo"]
[Result "1-0"]
[WhiteElo "1434"]
[BlackElo "1523"]
[PlyCount "103"]
[EventDate "2008.12.27"]
[EventType "swiss"]
[EventRounds "6"]
[EventCountry "ITA"]
[SourceTitle "EXT 2011"]
[Source "ChessBase"]
[SourceDate "2010.11.26"]
[SourceVersion "1"]
[SourceVersionDate "2010.11.26"]
[SourceQuality "1"]

1. e4 e5 2. Nf3 d5 3. Nxe5 Nf6 4. exd5 Qxd5 5. d4 Bb4+ 6. c3 Bd6 7. c4 Qe4+ 8. Qe2 0-0 9. Qxe4 Nxe4 10. f3 Nf6 11. Bd3 Nbd7 12. Nxd7 Bxd7 13. Bg5 Rae8+ 14. Kf2 Nh5 15. g3 c5 16. d5 Be5 17. Nc3 Bd4+ 18. Kg2 f6 19. Bd2 f5 20. Rae1 Rxe1 21. Rxe1 f4 22. g4 Nf6 23. Bxf4 Nxg4 24. Bg3 Ne3+ 25. Kh1 Bh3 26. Be4 Bg2+ 27. Kg1 Bh3 28. Kh1 Nf5 29. d6 Nxg3+ 30. hxg3 Kh8 31. Bd5 Bf2 32. Re7 Rd8 33. Kh2 Bd7 34. Ne4 h6 35. Nxf2 Bf5 36. Rxb7 Rxd6 37. Rxa7 Rf6 38. Ra8+ Kh7 39. Be4 Bxe4 40. Nxe4 Rxf3 41. Nxc5 Rf2+ 42. Kh3 Rxb2 43. Ne6 Re2 44. Nf8+ Kg8 45. Nd7+ Kf7 46. c5 h5 47. c6 Rc2 48. Ra7 Ke6 49. Nf8+ Kd6 50. c7 Rxc7 51. Rxc7 Kxc7 52. Kh4 1-0

[Event "Robecchetto op-B 19th"]
[Site "Robecchetto"]
[Date "2008.12.29"]
[Round "5"]
[White "Santarelli, Sabatino"]
[Black "Loaldi, Davide"]
[Result "1-0"]
[WhiteElo "1692"]
[BlackElo "1434"]
[PlyCount "57"]
[EventDate "2008.12.27"]
[EventType "swiss"]
[EventRounds "6"]
[EventCountry "ITA"]
[SourceTitle "EXT 2011"]
[Source "ChessBase"]
[SourceDate "2010.11.26"]
[SourceVersion "1"]
[SourceVersionDate "2010.11.26"]
[SourceQuality "1"]

1. d4 Nf6 2. c4 e6 3. a3 d5 4. Nc3 Be7 5. Nf3 0-0 6. e3 c5 7. cxd5 Nxd5 8. Bd2 Nc6 9. dxc5 Bxc5 10. Be2 a6 11. 0-0 Qc7 12. Qc2 Bd6 13. Ne4 Be7 14. Rac1 Nf6 15. Bc3 Nxe4 16. Qxe4 f5 17. Qc2 b5 18. b4 Bd7 19. Qb2 Rf7 20. Rfd1 Bf6 21. Bxf6 Rxf6 22. Rc5 Qb7 23. Ne5 Nxe5 24. Qxe5 Rc8 25. Rdc1 Rg6 26. f3 Bc6 27. Kf2 Bd7 28. Rc7 Qd5 29. Rxc8+ 1-0